000 00392nam a2200157 i 4500
001 bg
100 1 _aCHRAMIEC, Jerzy
245 0 _aMikrofalowe mieszacze diodowe /
_cJerzy Chramiec, Andrzej Wojtkiewicz.
260 _aWarszaw,
_c1975.
700 1 _aWOJTKIEWICZ, Andrzej
040 _cBPK
041 _apol
080 _a621.38
942 _cKS
008 s pl f |000 0 pol
999 _c16116
_d16116
856 _uhttp://koha.tu.koszalin.pl/cgi-bin/koha/opac-detail.pl?biblionumber=16116
_yKatalog online BPK